000 00687nam a2200253Ia 4500
003 OSt
005 20221005045045.0
006 a|||||r|||| 00| 0
007 ta
008 221004b |||||||| |||| 00| 0 eng d
024 _a30398
037 _cTextual
040 _aCRL
_cCRL
_beng
041 _2eng
_aeng
082 _a234.2.N7, M0
100 _aOjha D C
_947332
245 0 _aUniversity libraries in India
260 _aJodhpur
_bLatesh Prakashan
_c1980
300 _aVarious pages
_ccm.
650 _a LIBRARY SCIENCE
650 _aCOLLEGES AND UNIVERSITIES LIBRARIES
_9148660
942 _h234.2.N7, M0
_cTEXL
_2cc
999 _c954350
_d954350